| 000 | 00451nam a2200193Ia 4500 | ||
|---|---|---|---|
| 003 | 0100 | ||
| 008 | 130303s9999 xx 000 0 und d | ||
| 040 | _cARRUPELIB | ||
| 050 | _aBX830.1962A8F39 1997 | ||
| 100 | _aFernandes, Angelo | ||
| 245 | _aVatican Two Revisited | ||
| 260 | _aAnand | ||
| 260 | _bGujarat Sahitya Prakash | ||
| 260 | _C1997 | ||
| 300 | _axxvi | ||
| 300 | _b 382p. 23cm. | ||
| 650 | _bKnowledge, Theory of | ||
| 942 | 0 | 0 | _05 |
| 999 |
_c17903 _d17903 |
||